Statistics for Top 18 Vince Staples Songs

Click here to take the quiz!

General Stats

  • This quiz has been taken 17 times
  • The average score is 6 of 18

Answer Stats

#SongAlbum% Correct
1Norf NorfSummertime '06
88%
6BagBakBig Fish Theory
56%
7Blue SuedeHell Can Wait
56%
5SeñoritaSummertime '06
50%
16Hands UpHell Can Wait
38%
8Lift Me UpSummertime '06
38%
9LocoPrima Donna
38%
3SummertimeSummertime '06
38%
4War ReadyPrima Donna
38%
13HiveDoris
31%
113230Summertime '06
25%
12SurfSummertime '06
25%
10AscensionHumanz
19%
2NateShyne Coldchain II
19%
17Back Sellin' CrackStolen Youth
13%
14Versace RapShyne Coldchain Vol. 1
6%
18LindoChipper Jones Vol. 2
0%
15LordWinter in Prague
0%

Score Distribution

Percentile by Number Answered

Percent of People with Each Score

Your Score History

You have not taken this quiz